| 000 | 00609cam a22002173a 4500 | ||
|---|---|---|---|
| 001 | 45109 | ||
| 003 | PGUSA | ||
| 005 | 20140828084030.0 | ||
| 008 | 140310s2014||||xxu|||||s|||||000 | eng d | ||
| 040 |
_aPGUSA _beng |
||
| 042 | _adc | ||
| 100 | 1 |
_aEpictetus, _d55-135 |
|
| 245 | 1 | 4 |
_aThe Enchiridion _h[electronic resource] / _cEpictetus |
| 260 |
_bProject Gutenberg, _c2014 |
||
| 506 | _aPublic domain in the USA. | ||
| 516 | _aElectronic text | ||
| 700 | 1 |
_aHigginson, Thomas Wentworth, _d1823-1911 |
|
| 830 | 0 |
_aProject Gutenberg _v45109 |
|
| 856 | 4 | 0 | _uhttp://www.gutenberg.org/ebooks/45109 |
| 942 | _cEB | ||
| 999 |
_c274360 _d274360 |
||